| 000 | 01094pam a2200325 a 4500 | ||
|---|---|---|---|
| 001 | 41540202 | ||
| 003 | OCoLC | ||
| 005 | 20170614131548.0 | ||
| 008 | 990514s1999 nyua b 000 1 spa | ||
| 010 | _a99031982 | ||
| 020 | _a188050765X (pbk.) | ||
| 020 | _a9781880507650 (pbk.) | ||
| 040 |
_aDLC _cDLC _dDMP |
||
| 041 | 1 |
_aspa _heng |
|
| 042 |
_apcc _alcac |
||
| 050 | 1 | 0 |
_aPZ73 _b.B6843 1999 |
| 082 | 0 | 0 |
_a[E] _221 |
| 092 | _aBro | ||
| 100 | 1 | _aBrown, Marc Tolon. | |
| 240 | 1 | 0 |
_aArthur babysits. _lSpanish. |
| 245 | 1 | 0 |
_aArturo y los terribles gemelos / _cMarc Brown ; traducido por Esther Sarfatti. |
| 260 |
_aNew York : _bLectorum Publications, _cc2000. |
||
| 300 |
_a1 v. (unpaged) : _bcol. ill. ; _c25 cm. |
||
| 520 | _aArthur's experience babysitting for the terrible Tibble Twins is as challenging as he expected, but he finally gets control by telling them a spooky story. | ||
| 650 | 0 |
_aAardvark _vJuvenile fiction. |
|
| 650 | 0 |
_aBabysitters _vJuvenile fiction. |
|
| 650 | 0 |
_aSpanish language materials _vJuvenile fiction. |
|
| 700 | 1 | _aSarfatti, Esther. | |
| 942 | _cBK | ||
| 999 |
_c17561 _d17561 |
||